00664nam a22001817a 450000500170000001000150001702000270003203500140005903700130007308200160008624501340010226000450023627000770028130000250035850000490038370000290043270000210046120170424141517.0 aENG-117938 a9789386062390c950.000 aEN-101470 bDBAD/PUB a791.0430954 aBehind the scenes :cedited by Aysha iqbal viswamohan [and] Vimal mohan john /bcontemporary bollywood directors and their cinema aNew Delhic2017bSage publication india  aB1/1-1 Mohan cooperative industrial area mathura roadbNew Delhie110044 axiii,392p.c23cm(Hb) aIncludes bibliographical reference and index aViswamohan, Aysha iqbal  aJohn Vimal Mohan